Foreign footballers in PL #6 Arsenal F.C. - Statistics

General Stats
  • This quiz has been taken 105 times
  • The average score is 7 of 10
Answer Stats
Nationality Footballer % Correct
Switzerland Granit Xhaka, Stephan Lichtsteiner
93%
Scotland Kieran Tierney
87%
Egypt Mohamed Elneny
87%
Czech Republic Tomas Rosicky, Petr Cech
85%
Wales Aaron Ramsey
82%
Ivory Coast Nicolas Pépé
70%
Nigeria Semi Ajayi, Alex Iwobi
66%
Poland Wojciech Szczęsny, Krystian Bielik
60%
Argentina Emiliano Martínez
57%
Denmark Nicklas Bendtner
52%
No matching quizzes found
Score Distribution
Percent of People with Each Score
Percentile by Number Answered
Your Score History
You have not taken this quiz